书目信息 |
| 题名: |
谍战伴随艾森豪威尔
|
|
| 作者: | 安布罗斯 著 ;徐燕山 译 | |
| 分册: | ||
| 出版信息: | 北京 军事译文出版社 1992 |
|
| 页数: | 352页 | |
| 开本: | 19cm | |
| 丛书名: | ||
| 单 册: | ||
| 中图分类: | D771.236 | |
| 科图分类: | ||
| 主题词: | 第二次世界大战--信息工作--美国--史料 | |
| 电子资源: | ||
| ISBN: | 7-80027-179-X | |
| 000 | 01041nam0 2200277 450 | |
| 001 | 0100381344 | |
| 005 | 20100618160757.0 | |
| 010 | @a7-80027-179-X@dCNY5.60 | |
| 011 | @a7-80027-179-X | |
| 100 | @a20021005d1992 em y0chiy0110 ea | |
| 101 | 1 | @achi@ceng |
| 102 | @aCN@b110000 | |
| 105 | @ay z 000yd | |
| 106 | @ar | |
| 200 | 1 | @a谍战伴随艾森豪威尔@9Die Zhan Ban Sui Ai;Yi Sen Hao Wei Er @f(美)安布罗斯著@g徐燕山译@b专著 |
| 210 | @a北京@c军事译文出版社@d1992 | |
| 215 | @a352页@d19cm | |
| 304 | @a斯蒂芬·安布罗斯(1936~ ),曾先后在路易斯安娜大学、霍普金斯大学和海军军事学院历史系任教 | |
| 330 | @a本书介绍了艾森豪威尔的谍报机构活动内幕:从二次大战美、英利用谍战为打败希特勒发挥重大作用到美国中央情报局诞生和发展过程。 | |
| 601 | 02 | @a中央情报局@c(美国)@x史料 |
| 606 | 0 | @a第二次世界大战@x信息工作@y美国@x史料 |
| 690 | @aD771.236@v3 | |
| 701 | 1 | @c(美)@a安布罗斯@c(Ambrose, S. E.@f1936~)@4著@9an bu luo si |
| 702 | 0 | @a徐燕山@9xu yan shan@4译 |
| 801 | 0 | @aCN@bAiZhiMarc@c19921218 |
| 905 | @aBZT@dD771.236@e4@f2@sD771.236/4 | |
| 谍战伴随艾森豪威尔/(美)安布罗斯著/徐燕山译.-北京:军事译文出版社,1992 |
| 352页;19cm |
| ISBN 7-80027-179-X:CNY5.60 |
| 本书介绍了艾森豪威尔的谍报机构活动内幕:从二次大战美、英利用谍战为打败希特勒发挥重大作用到美国中央情报局诞生和发展过程。 |
| ● |
| 相关链接 |
|
|
|
正题名:谍战伴随艾森豪威尔
索取号:D771.236/4
 
预约/预借
| 序号 | 登录号 | 条形码 | 馆藏地/架位号 | 状态 | 备注 |
| 1 | 2000109564 | 2000109564 | 旧书回溯/ [索取号:D771.236/4] | 在馆 | |
| 2 | 2000109565 | 2000109565 | 旧书回溯/ [索取号:D771.236/4] | 在馆 |